India & World Culture. (Record no. 772199)

MARC details
000 -LEADER
fixed length control field 00606nam a2200181Ia 4500
008 - FIXED-LENGTH DATA ELEMENTS--GENERAL INFORMATION
fixed length control field 100921s9999 xx 000 0 und d
082 ## - DEWEY DECIMAL CLASSIFICATION NUMBER
Item number 23086
Classification number 820 थ 89
100 ## - MAIN ENTRY--PERSONAL NAME
Personal name Gokak V.K.
245 ## - TITLE STATEMENT
Title India & World Culture.
260 ## - PUBLICATION, DISTRIBUTION, ETC. (IMPRINT)
Name of publisher, distributor, etc साहित्य अकादमी,नवी दिल्ली.
Date of publication, distribution, etc 1989
300 ## - PHYSICAL DESCRIPTION
Extent 136
Other physical details साहित्य अकादमी,दिल्ली
365 ## - TRADE PRICE
Price amount 40
520 ## - SUMMARY, ETC.
Summary, etc ललित इंग्रजी.
630 ## - SUBJECT ADDED ENTRY--UNIFORM TITLE
Uniform title India & World Culture.
650 ## - SUBJECT ADDED ENTRY--TOPICAL TERM
Topical term or geographic name as entry element ललित इंग्रजी.
730 ## - ADDED ENTRY--UNIFORM TITLE
Uniform title India & World Culture.
942 ## - ADDED ENTRY ELEMENTS (KOHA)
Koha item type Book
Holdings
Withdrawn status Lost status Damaged status Not for loan Home library Current library Shelving location Date acquired Cost, normal purchase price Total Checkouts Barcode Date last seen Price effective from Koha item type Public note
        Lo. Tilak Granthasangrahalaya, Wai Lo. Tilak Granthasangrahalaya, Wai     40.00   WAITILAKGS-23086 09/21/2010 09/21/2010 Book देवघेव